01250nam a2200313 a 4500001001200000003000800012006001900020007001500039008004100054010001700095020002800112040002100140035002000161050002600181082001800207100004600225245005700271250001200328260004300340300003100383533015200414600006500566650005900631651005700690655002900747710001700776856012600793999001700919ebr10039181CaPaEBRm u cr cn|||||||||020116s2002 couab s 000 0 eng  z 2002000617 z1888570466 (alk. paper) aCaPaEBRcCaPaEBR a(OCoLC)5564142214aDA990.U46bA74 2002eb04a941.608242211 aArthur, C. J.q(Christopher John),d1955-10aIrish willowh[electronic resource] /cChris Arthur. a1st ed. aAurora, Colo. :bDavies Group,cc2002. axvi, 234 p. :bill., maps. aElectronic reproduction.bPalo Alto, Calif. :cebrary,d2013.nAvailable via World Wide Web.nAccess may be limited to ebrary affiliated libraries.10aArthur, C. J.q(Christopher John),d1955-xHomes and haunts. 0aNatural historyzUlster (Northern Ireland and Ireland) 0aUlster (Northern Ireland and Ireland)xCivilization. 7aElectronic books.2local2 aebrary, Inc.40uhttp://site.ebrary.com/lib/rucke/Doc?id=10039181zAn electronic book accessible through the World Wide Web; click to view c57638d57638